000 00400nam a22001577a 4500
003 MPLRDC
005 20220104124331.0
008 210129b ||||| |||| 00| 0 eng d
082 _a868.71 BCND
100 _a槟城南大校友会编辑
245 _a大马华文文艺创作比赛专辑
_c
260 _a
_b槟城南大校友会
_c1980
300 _b
650 _a
942 _cBK
_o868.71 BCND
999 _c18502
_d18492